00609 2200229 4500001002100000005001700021008004100038020001800079035002400097040001200121082001200133090001900145100002700164245004800191250001100239260003100250300002500281504002700306650001600333850001200349990001800361YOGYA-0209000000344020090227020627.0 ind  a979-413-001-X 0010-020900000003440 aYOPDYOG a636.213 a636.213bMur B aMURTIDJO, Bambang Agus aBeternak sapi potongcBambang Agus Murtidjo aCet. 4 aYogyakartabKanisiusc1995 a140 hlmbilusc21 cm aBibliografi : hlm. 140 aSapi potong aYOPDYOG a68598-P/95b1